000 01098cam a2200241 4500
001 WS125642
008 040329n 000 0 eng u
035 _a(Sirsi) u125642
110 _aTimber Trade Federation
_91433
245 _aTimber Trade Federation
520 _aWeb site for this organisation which describes itself as the official voice of the UK timber trade representing importers, agents, distributors and suppliers of wood. Includes details of their 'wood for good' campaign which aims to create demand to sell more goods, statistics on the timber trade and directory of suppliers. Also pages on technical aspects of wood, corporate social responsibility and their environmental code of conduct.
650 _aORGANISATION
650 _aBUILT ENVIRONMENT-BUILDING MATERIALS
650 _aWOOD
650 _aTIMBER
650 _aCORPORATE SOCIAL RESPONSIBILITY
650 _aSTATISTICS
650 _aCODE OF CONDUCT
650 _aWOOD AWARDS
690 _aRURAL
_96268
856 4 0 _uhttps://www.ttf.co.uk
_zView the website free of charge at www.ttf.co.uk...
942 _n0
999 _c120428
_d120428